Les parcs d'attractions les plus visités en France en 2022 - Statistiques

Statistiques générales
  • Ce quiz a été pris 343 fois
  • Le résultat moyen est 6 sur 15
Statistiques - réponses
Nombre de visiteurs Département Parc % Correct
2 632 000 Oise Parc Astérix
99%
15 270 000 Seine-et-Marne Disneyland
98%
1 920 000 Vienne Futuroscope
75%
2 340 000 Vendée Puy du Fou
72%
760 000 Aube Nigloland
48%
610 000 Isère Walibi Rhône Alpes
48%
326 000 Puy-de-Dôme Vulcania
33%
690 000 Allier Le PAL
28%
307 000 Vaucluse Parc Spirou
27%
400 000 Oise La Mer de Sable
25%
320 000 Moselle Walygator Grand-Est
20%
280 000 Vosges Fraispertuis-City
19%
300 000 Lot-et-Garonne Walygator Sud-Ouest
19%
362 000 Oise Parc Saint-Paul
16%
384 000 Pas-de-Calais Bagatelle
15%
Aucun quiz correspondant
Distribution des résultats
% des personnes avec chaque résultat
Percentile par nombre de réponses
Votre historique - résultats
Vous n’avez pas pris ce quiz